Normal view MARC view

Entry Personal Name

Number of records used in: 1

001 - CONTROL NUMBER

  • control field: 27977

003 - CONTROL NUMBER IDENTIFIER

  • control field: OSt

005 - DATE AND TIME OF LATEST TRANSACTION

  • control field: 20211005161627.0

008 - FIXED-LENGTH DATA ELEMENTS

  • fixed length control field: 211005|| aca||aabn | a|a d

040 ## - CATALOGING SOURCE

  • Original cataloging agency: OSt
  • Transcribing agency: OSt

100 ## - HEADING--PERSONAL NAME

  • Personal name: Douglas, James W. and Raudla, Ringa

670 ## - SOURCE DATA FOUND

  • Source citation: Work cat.: (OSt)517713: Douglas, James W. and Raudla, Ringa , What is the remedy for state and local fiscal squeeze during the covid-19 recession? More debt, and that is okay

Powered by Koha